000 00838nam a22002175i 4500
001 169592
003 ES-MaACL
005 20250827231411.0
008 081021s1926 pl |||| | fre d
080 _a165.65
080 _a165.72
100 1 _aMichalski, Konstanty.
_9138725
245 1 3 _aLe criticisme et le scepticisme dans la philosophie du XIVe siècle /
_cConstantin Michalski.
260 _aCracovie :
_b[s.n.],
_c1926 (
_fImprimerie de l'Universite)
300 _a81 p. ;
_c25 cm.
595 _aSeparata de: Extrait du Bulletin de l'Académie Polonaise des Sciences et des Lettres, classe d'histoire et de philosophie, année 1925.
650 4 _aCriticismo.
_911454
650 0 7 _aEscepticismo
_2embne
_912353
852 _aES-MaACL
_j2236-F-2
_9R.141156
_z.- Biblioteca Jacinto Martínez Lacalle
999 _c169592
_d169592